[Event "Calvia Amateur op 15th"]
[Site "Calvia"]
[Date "2018.10.08"]
[Round "3"]
[White "Torres Mari, Juan"]
[Black "Garrido Lluy, Javier"]
[Result "0-1"]
[WhiteElo "1613"]
[BlackElo "1841"]
[PlyCount "66"]
[EventDate "2018.10.06"]
[EventType "swiss"]
[EventRounds "9"]
[EventCountry "ESP"]
[SourceTitle "CBM 186 Extra"]
[Source "ChessBase"]
[SourceDate "2018.08.24"]
[SourceVersion "1"]
[SourceVersionDate "2018.08.24"]
[SourceQuality "1"]

1. d4 Nf6 2. c4 c5 3. e3 e6 4. Nc3 cxd4 5. exd4 d5 6. Nf3 Nc6 7. Be2 Be7 8. 0-0 0-0 9. Bf4 a6 10. a4 Bd7 11. h3 dxc4 12. Bxc4 Rc8 13. Qe2 Nb4 14. Ne5 Bc6 15. Rad1 Bd5 16. Nxd5 Nfxd5 17. Bg3 Qa5 18. Ra1 Rfd8 19. Bb3 Qb6 20. Qd1 Bf6 21. Qd2 Nc6 22. Bxd5 Rxd5 23. Nf3 Rcd8 24. a5 Nxa5 25. Qc2 Nc6 26. Rfc1 Bxd4 27. Nxd4 Rxd4 28. Kh2 Rd2 29. Qe4 Rxb2 30. Qa4 Qb5 31. Rd1 Rdd2 32. Qf4 Qd5 33. Re1 h6 0-1

[Event "Mallorca-ch Segona"]
[Site "Palma"]
[Date "2017.12.10"]
[Round "4.3"]
[White "Garrido Lluy, Javier"]
[Black "Comas Cladera, Joan"]
[Result "1/2-1/2"]
[WhiteElo "1828"]
[BlackElo "1590"]
[PlyCount "64"]
[EventDate "2017.12.02"]
[EventType "swiss"]
[EventRounds "6"]
[EventCountry "ESP"]
[SourceTitle "EXT 2024"]
[Source "ChessBase"]
[SourceDate "2023.10.10"]
[SourceVersion "1"]
[SourceVersionDate "2023.10.10"]
[SourceQuality "1"]

1. e4 e6 2. Nf3 d5 3. exd5 exd5 4. d4 Nc6 5. Be2 Bd6 6. 0-0 Nge7 7. c3 0-0 8. Bg5 f6 9. Bh4 Nf5 10. Bg3 Nxg3 11. hxg3 Ne7 12. Nbd2 c6 13. Re1 Qb6 14. Nb3 a5 15. a4 Bd7 16. Bd3 Rfe8 17. Qc2 g6 18. Re2 Kg7 19. Rae1 Ng8 20. Nbd2 Rxe2 21. Rxe2 Re8 22. c4 Rxe2 23. Bxe2 dxc4 24. Nxc4 Qc7 25. Nxd6 Qxd6 26. Qc3 b6 27. Nd2 Ne7 28. Nc4 Qc7 29. Ne3 Be6 30. Bf3 Qd6 31. g4 Nd5 32. Bxd5 Bxd5 1/2-1/2

[Event "Mallorca-ch Segona"]
[Site "Palma"]
[Date "2017.12.09"]
[Round "3.1"]
[White "Gaya Torrens, Miguel"]
[Black "Garrido Lluy, Javier"]
[Result "1-0"]
[WhiteElo "1724"]
[BlackElo "1828"]
[PlyCount "119"]
[EventDate "2017.12.02"]
[EventType "swiss"]
[EventRounds "6"]
[EventCountry "ESP"]
[SourceTitle "EXT 2024"]
[Source "ChessBase"]
[SourceDate "2023.10.10"]
[SourceVersion "1"]
[SourceVersionDate "2023.10.10"]
[SourceQuality "1"]

1. d4 c5 2. e3 e6 3. c4 Nf6 4. Nc3 cxd4 5. exd4 g6 6. Nf3 Bg7 7. Be2 0-0 8. 0-0 d5 9. b3 Nc6 10. Ba3 Re8 11. Rc1 a6 12. Bb2 Bd7 13. Re1 Rc8 14. c5 Qc7 15. h3 Rcd8 16. Bd3 Bc8 17. Na4 Nd7 18. Bb1 Bh6 19. Rc2 Nb4 20. Rce2 b5 21. cxb6 Nxb6 22. Nc5 Nd7 23. Nd3 Nc6 24. Rc2 Qb7 25. Ba3 Bg7 26. Nc5 Nxc5 27. Bxc5 Bd7 28. Qd2 Rc8 29. Rec1 e5 30. dxe5 Bf5 31. Rc3 Bxb1 32. Rxb1 Nxe5 33. Nxe5 Bxe5 34. Bd4 Rxc3 35. Qxc3 Bxd4 36. Qxd4 Re4 37. Qd2 Qc6 38. Rc1 Qe6 39. Qc3 h5 40. Qc8+ Kg7 41. Qxe6 Rxe6 42. Rd1 Rd6 43. b4 Kf6 44. Kf1 Ke5 45. Ke2 Rc6 46. Kd3 Rc4 47. a3 Kd6 48. Re1 Kc6 49. Re5 Kd6 50. Re8 a5 51. Rd8+ Kc6 52. Rc8+ Kb5 53. Rb8+ Ka4 54. bxa5 Kxa5 55. Rd8 Ra4 56. Ra8+ Kb5 57. Rxa4 Kxa4 58. Kd4 Kxa3 59. Kxd5 Kb3 60. Ke5 1-0

[Event "Mallorca-ch Segona"]
[Site "Palma"]
[Date "2017.12.03"]
[Round "2.2"]
[White "Garrido Lluy, Javier"]
[Black "Ferrer Mygina, Juan"]
[Result "1-0"]
[WhiteElo "1828"]
[BlackElo "1556"]
[PlyCount "39"]
[EventDate "2017.12.02"]
[EventType "swiss"]
[EventRounds "6"]
[EventCountry "ESP"]
[SourceTitle "EXT 2024"]
[Source "ChessBase"]
[SourceDate "2023.10.10"]
[SourceVersion "1"]
[SourceVersionDate "2023.10.10"]
[SourceQuality "1"]

1. e4 c5 2. Nf3 e6 3. g3 Nc6 4. Bg2 g6 5. 0-0 Bg7 6. c4 Nge7 7. Nc3 0-0 8. d3 d5 9. Bg5 d4 10. Ne2 f6 11. Bd2 f5 12. exf5 exf5 13. Re1 Ne5 14. Nxe5 Bxe5 15. Bg5 Qc7 16. Qd2 Bf6 17. Bxf6 Rxf6 18. Qg5 Kg7 19. Nf4 h6 20. Nh5+ 1-0

[Event "Calvia Amateur op 14th"]
[Site "Calvia"]
[Date "2017.10.13"]
[Round "7"]
[White "Cassidy, Sydney"]
[Black "Garrido Lluy, Javier"]
[Result "0-1"]
[WhiteElo "1575"]
[BlackElo "1853"]
[PlyCount "64"]
[EventDate "2017.10.07"]
[EventType "swiss"]
[EventRounds "9"]
[EventCountry "ESP"]
[SourceTitle "CBM 181 Extra"]
[Source "ChessBase"]
[SourceDate "2017.12.12"]
[SourceVersion "1"]
[SourceVersionDate "2017.12.12"]
[SourceQuality "1"]

1. e4 c5 2. Nf3 e6 3. d4 cxd4 4. Nxd4 a6 5. a3 Nf6 6. Nc3 Be7 7. Be2 d6 8. Be3 Nc6 9. 0-0 0-0 10. f4 Qc7 11. Qe1 Nxd4 12. Bxd4 b5 13. Rc1 Bb7 14. Bd3 e5 15. Be3 Rac8 16. Kh1 Qd7 17. f5 d5 18. exd5 Nxd5 19. Nxd5 Qxd5 20. Qg3 Bf6 21. Bg5 Qxg2+ 22. Qxg2 Bxg2+ 23. Kxg2 Bxg5 24. Rce1 Bf6 25. b3 Rfd8 26. Re2 Rd4 27. h3 Kf8 28. Rf3 Ke7 29. Be4 a5 30. Rd3 Rcd8 31. Kf3 g6 32. Rg2 gxf5 0-1

[Event "Calvia Amateur op 13th"]
[Site "Calvia"]
[Date "2016.10.14"]
[Round "7"]
[White "Garrido Lluy, Javier"]
[Black "Cassidy, Sydney"]
[Result "1-0"]
[WhiteElo "1845"]
[BlackElo "1583"]
[PlyCount "41"]
[EventDate "2016.10.08"]
[EventType "swiss"]
[EventRounds "9"]
[EventCountry "ESP"]
[SourceTitle "CBM 175 Extra"]
[Source "ChessBase"]
[SourceDate "2016.12.12"]
[SourceVersion "1"]
[SourceVersionDate "2016.12.12"]
[SourceQuality "1"]

1. e4 c5 2. f4 d6 3. b3 e5 4. Bb2 exf4 5. Nf3 Nf6 6. Nc3 Be6 7. Bb5+ Nbd7 8. Qe2 Be7 9. 0-0-0 a6 10. Bd3 0-0 11. e5 dxe5 12. Nxe5 b5 13. Nc6 Qe8 14. Rde1 Bd6 15. Ne4 Be7 16. Qf3 Rc8 17. Nxe7+ Qxe7 18. Nxf6+ Nxf6 19. Qxf4 Nd5 20. Qe4 Nf6 21. Bxf6 1-0

[Event "Calvia Amateur op 11th"]
[Site "Calvia"]
[Date "2014.10.10"]
[Round "7"]
[White "Garrido Lluy, Javier"]
[Black "Cassidy, Sydney"]
[Result "1-0"]
[WhiteElo "1874"]
[BlackElo "1600"]
[PlyCount "35"]
[EventDate "2014.10.04"]
[EventType "swiss"]
[EventRounds "9"]
[EventCountry "ESP"]
[SourceTitle "EXT 2015"]
[Source "ChessBase"]
[SourceDate "2014.11.20"]
[SourceVersion "1"]
[SourceVersionDate "2014.11.20"]
[SourceQuality "1"]

1. e4 c5 2. Nf3 Nc6 3. d4 cxd4 4. Nxd4 Nf6 5. Nxc6 bxc6 6. Nc3 d6 7. Be2 g6 8. 0-0 Bg7 9. Be3 0-0 10. f4 Qc7 11. Bf3 Bd7 12. e5 dxe5 13. fxe5 Qxe5 14. Bd4 Qc7 15. Re1 Be6 16. Qe2 Nd5 17. Bxg7 Nxc3 18. Bxc3 1-0

[Event "Calvia Amateur op 11th"]
[Site "Calvia"]
[Date "2014.10.04"]
[Round "1"]
[White "Garrido Lluy, Javier"]
[Black "Galiana Salom, Juan Ramon"]
[Result "0-1"]
[WhiteElo "1874"]
[BlackElo "2263"]
[PlyCount "70"]
[EventDate "2014.10.04"]
[EventType "swiss"]
[EventRounds "9"]
[EventCountry "ESP"]
[SourceTitle "EXT 2015"]
[Source "ChessBase"]
[SourceDate "2014.11.20"]
[SourceVersion "1"]
[SourceVersionDate "2014.11.20"]
[SourceQuality "1"]

1. e4 e6 2. d4 d5 3. Nd2 Nf6 4. e5 Nfd7 5. c3 c5 6. Ngf3 Nc6 7. Nb3 a5 8. Bg5 Qc7 9. Be2 a4 10. Nbd2 cxd4 11. cxd4 Qb6 12. 0-0 Nxd4 13. Nxd4 Qxd4 14. Qc2 Qc5 15. Qxc5 Bxc5 16. Nf3 0-0 17. Rac1 b6 18. a3 Ba6 19. Rfe1 Bxe2 20. Rxe2 f6 21. exf6 gxf6 22. Bh6 Rfe8 23. h3 Kf7 24. Bf4 e5 25. Bd2 e4 26. Nh4 Ne5 27. Nf5 Nd3 28. Rxc5 bxc5 29. Nd6+ Ke6 30. Nxe8 Rxe8 31. Bc3 Rg8 32. g4 h5 33. Kh2 hxg4 34. hxg4 Rxg4 35. f3 Rh4+ 0-1

[Event "Calvia Amateur op 10th"]
[Site "Calvia"]
[Date "2013.10.05"]
[Round "1"]
[White "Garrido Lluy, Javier"]
[Black "Khouri, Ibrahim Mohamed"]
[Result "0-1"]
[WhiteElo "1878"]
[BlackElo "2223"]
[PlyCount "107"]
[EventDate "2013.10.05"]
[EventType "swiss"]
[EventRounds "9"]
[EventCountry "ESP"]
[SourceTitle "EXT 2014"]
[Source "ChessBase"]
[SourceDate "2013.11.20"]
[SourceVersion "1"]
[SourceVersionDate "2013.11.20"]
[SourceQuality "1"]

1. e4 e5 2. Nf3 Nc6 3. d4 exd4 4. Nxd4 Bc5 5. Be3 Qf6 6. c3 Nge7 7. Be2 0-0 8. 0-0 Rd8 9. Qa4 Bb6 10. Nd2 d6 11. N2f3 Bd7 12. Qc2 h6 13. Rad1 Ne5 14. Qc1 N7g6 15. Nxe5 dxe5 16. Nb3 Bc6 17. c4 Bxe3 18. Qxe3 Qf4 19. Qxf4 Nxf4 20. Bf3 b6 21. Nc1 Kf8 22. Rfe1 Ke7 23. Kf1 a5 24. g3 Ne6 25. Ne2 Nc5 26. Bg2 Rxd1 27. Rxd1 Bxe4 28. Nc3 Bxg2+ 29. Kxg2 c6 30. h4 Ne6 31. Na4 Rb8 32. Rd2 f6 33. b3 b5 34. Nb2 Rd8 35. Rxd8 Kxd8 36. cxb5 cxb5 37. Kf3 Nc5 38. Ke3 Kd7 39. f3 f5 40. Nd1 Kc6 41. Nc3 b4 42. Nb1 Kd5 43. Nd2 a4 44. h5 axb3 45. axb3 Ke6 46. f4 exf4+ 47. Kxf4 Kf6 48. g4 fxg4 49. Kxg4 Ke5 50. Nc4+ Kd4 51. Na5 Kc3 52. Kf5 Nxb3 53. Nxb3 Kxb3 54. Kg6 0-1

[Event "Calvia Amateur op 9th"]
[Site "Calvia"]
[Date "2012.10.11"]
[Round "6"]
[White "Planas Gene, Juan"]
[Black "Garrido Lluy, Javier"]
[Result "1-0"]
[WhiteElo "2136"]
[BlackElo "1835"]
[PlyCount "49"]
[EventDate "2012.10.06"]
[EventType "swiss"]
[EventRounds "9"]
[EventCountry "ESP"]
[SourceTitle "EXT 2013"]
[Source "ChessBase"]
[SourceDate "2012.11.22"]
[SourceVersion "1"]
[SourceVersionDate "2012.11.22"]
[SourceQuality "1"]

1. d4 c5 2. d5 e5 3. e4 d6 4. Be3 Nf6 5. f3 Be7 6. Bd3 a6 7. a4 Nbd7 8. Nd2 b6 9. Ne2 Qc7 10. g4 Nf8 11. Ng3 Ng6 12. g5 Nd7 13. Nh5 0-0 14. Nf1 c4 15. Be2 Nf4 16. Nxf4 exf4 17. Bxf4 Ne5 18. Qd4 Ng6 19. Be3 Ne5 20. f4 Ng4 21. Qxb6 Qd7 22. Bd4 Bd8 23. Qb4 Re8 24. Ng3 a5 25. Qc3 1-0

[Event "Mallorca-chT Primera"]
[Site "Palma de Mallorca"]
[Date "2012.03.24"]
[Round "8.5"]
[White "Oliver Grammatico, Rafael"]
[Black "Garrido Lluy, Javier"]
[Result "0-1"]
[WhiteElo "1834"]
[BlackElo "1821"]
[PlyCount "70"]
[EventDate "2012.01.28"]
[EventType "team"]
[EventRounds "9"]
[EventCountry "ESP"]
[SourceTitle "EXT 2014"]
[Source "ChessBase"]
[SourceDate "2013.11.20"]
[SourceVersion "1"]
[SourceVersionDate "2013.11.20"]
[SourceQuality "1"]

1. e4 c5 2. Nf3 d6 3. Bb5+ Bd7 4. Bxd7+ Nxd7 5. c3 Ngf6 6. Qe2 Qc7 7. d4 cxd4 8. Nxd4 a6 9. 0-0 g6 10. Bg5 Bg7 11. f4 0-0 12. Nd2 Rac8 13. Kh1 e5 14. Nc2 exf4 15. Rxf4 Rfe8 16. Raf1 d5 17. Bxf6 Nxf6 18. Rxf6 Bxf6 19. Rxf6 Qe5 20. Qf1 dxe4 21. Ne3 Rcd8 22. Ng4 Qg5 23. Rxf7 Rxd2 24. Qc4 Kh8 25. Qf1 Re7 26. h3 Rxf7 27. Qxf7 Rd1+ 28. Kh2 Qd8 29. Ne5 Rd6 30. Qxb7 Rf6 31. Nf7+ Rxf7 32. Qxf7 e3 33. Qf3 Qe7 34. Qe2 Qd6+ 35. g3 Qd2 0-1

[Event "Mallorca-chT Primera"]
[Site "Palma de Mallorca"]
[Date "2012.01.28"]
[Round "1.5"]
[White "Garrido Lluy, Javier"]
[Black "Ballester Mas, Antonio"]
[Result "1-0"]
[WhiteElo "1821"]
[BlackElo "1737"]
[PlyCount "67"]
[EventDate "2012.01.28"]
[EventType "team"]
[EventRounds "9"]
[EventCountry "ESP"]
[SourceTitle "EXT 2014"]
[Source "ChessBase"]
[SourceDate "2013.11.20"]
[SourceVersion "1"]
[SourceVersionDate "2013.11.20"]
[SourceQuality "1"]

1. e4 g6 2. d4 Bg7 3. Nf3 d6 4. Bd3 Nf6 5. c3 0-0 6. 0-0 Nbd7 7. h3 e5 8. Be3 a6 9. Nbd2 Rb8 10. Rc1 Re8 11. Re1 c6 12. Bb1 Qc7 13. Nf1 Nb6 14. c4 Bd7 15. c5 Nc8 16. cxd6 Qd8 17. dxe5 Ng4 18. hxg4 Bxg4 19. N1h2 Be6 20. b3 Nb6 21. Qd2 Nd7 22. Bd4 h6 23. Qf4 Kh7 24. Ng4 g5 25. Qg3 Rg8 26. Nf6+ Nxf6 27. exf6 Bf8 28. e5+ Kh8 29. Nd2 Qd7 30. Nc4 Bg4 31. Nb6 Qe6 32. Bd3 Bh5 33. Bc4 Qf5 34. e6 1-0

[Event "Mallorca-chB"]
[Site "Palma de Mallorca"]
[Date "2011.11.19"]
[Round "5"]
[White "Garrido Lluy, Javier"]
[Black "Sanchez Fernandez, Jose Joaquin"]
[Result "0-1"]
[WhiteElo "1808"]
[BlackElo "1993"]
[PlyCount "68"]
[EventDate "2011.10.29"]
[EventType "swiss"]
[EventRounds "8"]
[EventCountry "ESP"]
[SourceTitle "EXT 2014"]
[Source "ChessBase"]
[SourceDate "2013.11.20"]
[SourceVersion "1"]
[SourceVersionDate "2013.11.20"]
[SourceQuality "1"]

1. e4 c5 2. Nf3 Nc6 3. c3 Nf6 4. e5 Nd5 5. d4 cxd4 6. cxd4 Qa5+ 7. Bd2 Qb6 8. Nc3 Nxc3 9. bxc3 e6 10. Bd3 d5 11. 0-0 Bd7 12. Rb1 Qc7 13. Qe2 h6 14. c4 dxc4 15. Bxc4 Ne7 16. Rfc1 Bc6 17. Bb4 Rd8 18. Bd6 Rxd6 19. exd6 Qxd6 20. Ne5 g6 21. Rd1 Bg7 22. Nxc6 bxc6 23. Rb7 Bxd4 24. Qd3 Nf5 25. g4 Nh4 26. Kf1 c5 27. Bb5+ Kf8 28. Qg3 Qd5 29. Rb8+ Kg7 30. Rxh8 Qh1+ 31. Ke2 Qe4+ 32. Kd2 Nf3+ 33. Kc1 Be5 34. Bd3 Bf4+ 0-1

[Event "Mallorca-chB"]
[Site "Palma de Mallorca"]
[Date "2011.11.12"]
[Round "4"]
[White "Bellon Lopez, Fernando"]
[Black "Garrido Lluy, Javier"]
[Result "0-1"]
[WhiteElo "1986"]
[BlackElo "1808"]
[PlyCount "52"]
[EventDate "2011.10.29"]
[EventType "swiss"]
[EventRounds "8"]
[EventCountry "ESP"]
[SourceTitle "EXT 2014"]
[Source "ChessBase"]
[SourceDate "2013.11.20"]
[SourceVersion "1"]
[SourceVersionDate "2013.11.20"]
[SourceQuality "1"]

1. e4 c5 2. Nf3 d6 3. Nc3 g6 4. d4 cxd4 5. Qxd4 Nf6 6. e5 Nc6 7. Bb5 Nd7 8. Bxc6 bxc6 9. exd6 e5 10. Qa4 Bb7 11. Ne4 Bg7 12. Bg5 Qb6 13. 0-0 0-0 14. Be3 Qb5 15. Qa3 a5 16. Nc5 Bc8 17. Nxd7 Bxd7 18. Bc5 e4 19. Nd4 Qc4 20. Rad1 Qd5 21. b3 Qh5 22. Rfe1 Be5 23. h3 Bxh3 24. Nxc6 Qg4 25. Ne7+ Kg7 26. g3 Qf3 0-1

[Event "Calvia Amateur op 8th"]
[Site "Calvia"]
[Date "2011.10.15"]
[Round "8"]
[White "Svitek, Volker"]
[Black "Garrido Lluy, Javier"]
[Result "1-0"]
[WhiteElo "2099"]
[BlackElo "1808"]
[PlyCount "113"]
[EventDate "2011.10.08"]
[EventType "swiss"]
[EventRounds "9"]
[EventCountry "ESP"]
[SourceTitle "CBM 144 Extra"]
[Source "ChessBase"]
[SourceDate "2011.10.28"]
[SourceVersion "1"]
[SourceVersionDate "2011.10.28"]
[SourceQuality "1"]

1. b4 d5 2. e3 c6 3. c4 e5 4. Qb3 Nf6 5. Bb2 Bd6 6. Nf3 e4 7. Nd4 0-0 8. Nc3 Be6 9. Nxe6 fxe6 10. Be2 Nbd7 11. 0-0 Ne5 12. f4 exf3 13. gxf3 Qe7 14. c5 Bc7 15. d4 Ng6 16. f4 Nh4 17. Qd1 Nf5 18. Bc1 Qf7 19. Kh1 Rad8 20. Rg1 g6 21. Qf1 Qg7 22. Qh3 Qh6 23. Qxh6 Nxh6 24. Bd2 Nf5 25. Bd3 Kf7 26. Ne2 Nh4 27. Raf1 Ne4 28. Bxe4 dxe4 29. Nc3 Nf3 30. Rg2 Kg7 31. Nxe4 Nxd2 32. Nxd2 e5 33. fxe5 Rxf1+ 34. Nxf1 Rf8 35. Kg1 Rf5 36. Nd2 Bd8 37. Rf2 Rh5 38. e6 Rf5 39. Ne4 Rxf2 40. Kxf2 Bh4+ 41. Kf3 h5 42. Nd6 Kf6 43. Nxb7 Kxe6 44. e4 Bf6 45. Ke3 Bg5+ 46. Kd3 Bf4 47. h3 g5 48. Na5 Kd7 49. Nc4 a6 50. Ne3 Bc7 51. Ke2 Ke6 52. Kf3 Bf4 53. d5+ cxd5 54. exd5+ Ke5 55. d6 Ke6 56. Nc4 Kf5 57. c6 1-0